Statistiques concernant Paroles Tu seras-Emma Daumas

Cliquez ici pour prendre le quiz!

Statistiques générales

  • Ce quiz a été pris 51 fois
  • Le résultat moyen est 203 sur 254

Statistiques - réponses

Réponse% Correct
sera
97%
seras
97%
Tu
97%
tu
97%
a
95%
à
95%
le
95%
mon
95%
Mon
95%
présent
95%
futur
92%
La
92%
la
92%
les
92%
au
87%
de
87%
m'a
87%
ma
87%
On
87%
on
87%
temps
87%
vent
87%
face
85%
pas
82%
tous
82%
chemin
79%
dans
79%
appris
77%
bien
77%
je
77%
Pour
77%
toujours
77%
distance
74%
tenir
74%
toi
74%
du
72%
en
72%
Mais
72%
même
72%
vivre
72%
vois
72%
c'est
69%
danse
69%
moi
69%
Ne
69%
un
69%
L'amour
67%
nous
67%
et
64%
plus
64%
qu'on
64%
ton
64%
sang
62%
tes
62%
mêmes
59%
vie
59%
chance
56%
coeur
54%
est
54%
frères
54%
interdire
54%
première
54%
références
54%
si
54%
depuis
51%
eu
51%
foi
51%
jour
51%
n'est
51%
Quand
51%
fil
49%
cent
46%
droit
44%
fois
44%
l'esprit
44%
Chaque
41%
confiance
41%
d'oiseau
38%
nid
38%
quitter
38%
inscrit
36%
vivra
36%
grand
33%
bannière
31%
pluie
31%
retient
31%
Demain
28%
Naître
28%
force
23%
arme
15%

Distribution des résultats

Percentile par nombre de réponses

% des personnes avec chaque résultat

Votre développement - résultats

Vous n’avez pas pris ce quiz